| 000 | 00993nam a2200265 a 4500 | ||
|---|---|---|---|
| 003 | MX-MxUPN | ||
| 005 | 20240223080531.0 | ||
| 008 | 190508s2016 mx r 000 0 spa d | ||
| 020 | _a9786078418244 | ||
| 035 | _aUPN01000230407 | ||
| 040 |
_aMX-MxUPN _bspa _cMX-MxUPN |
||
| 041 | 0 | _aspa | |
| 050 | 1 | 4 |
_aHV1559 M6 _bF4.7 |
| 100 | 1 |
_aFernández Vázquez, María Teresa _943530 |
|
| 245 | 1 | 0 |
_aNada sobre nosotros sin nosotros : _bla Convención de Naciones Unidas sobre discapacidad y la gestión civil de derechos / _cMaría Teresa Fernández Vázquez, Mario Alfredo Hernández Sánchez. |
| 250 | _aPrimera edición. | ||
| 260 |
_aMéxico, D.F. : _bCONAPRED, _c2016. |
||
| 300 | _a137 páginas | ||
| 490 | 0 | _aFundamentos | |
| 650 | 4 |
_aPersonas con discapacidad _xDerechos civiles _zMéxico _945612 |
|
| 650 | 4 |
_aPersonas con discapacidad _xLeyes y legislación _zMéxico _945618 |
|
| 700 | 1 |
_aHernández Sánchez, Mario Alfredo _943717 _ecoaut. |
|
| 905 | _aLibro | ||
| 999 |
_c202502 _d202502 |
||